Responses for Show #4746 - Monday, April 4, 2005

2005 Ultimate Tournament of Champions Round 1, game 39.

Contestants

[<< previous game]

Larry Cloud, a bookkeeper and computer consultant from Inglewood, California

April McManus, a homemaker from Hertfordshire, England

Paul Thompson, a human resources manager from Cheverly, Maryland

[next game >>]

Jeopardy! Round responses

LAS VEGAS CENTENNIAL
TOON UP
ROBERTS RULE
NATURE
ARMY, NAVY OR MARINES
ENDS IN "X"
    $200 7
the Rat Pack

April
    $200 12
Tweety

April
    $200 25
Robert Kennedy

April
    $200 21
water

Larry
    $200 6
the Navy

April
    $200 1
appendix

Paul
    $400 8
atomic bomb tests

Larry
    $400 13
Scooby-Doo

April
    $400 27
(Alex: Yeah, he was a lonely guy.)

Robert E. Lee

Larry
    $400 22
a rodent

April
    $400 15
(Alex: Yes, we didn't have an Air Force then.)

the Army

April
    $400 2
faux

Paul
    $600 9
the Flamingo

April
    $600 14
The Jetsons

Larry
    $600 28
Peary

Paul
    $600 23
wings

Larry
    $600 18
the Marines

Paul
    $600 3
the cortex

April
    $800 10
Fremont Street

Larry
    $800 16
(April: Who is Skippy?)

Rocko

April
Triple Stumper
    $800 29
(Robert) Schumann

Larry
    $800 24
the tundra

Paul
    $800 19
the Navy

Larry
    $1,000 4
Halifax, Nova Scotia

April
    $1000 11
William Clark

Triple Stumper
    $1000 17
(Alex: Elvis-like guy.)

Johnny Bravo

Triple Stumper
    $1000 30
Robert Howard

Larry
    $1000 26
(Alex: And that would be your basic, All-American yucca [*].)

moth

Triple Stumper
    $1000 20
the Marines

Triple Stumper
    $1000 5
(Larry: Pronounced two different... okay.)

redux

Larry

Scores at the first commercial break (after clue 15):

Paul April Larry
$600 $3,600 $2,800

Scores at the end of the Jeopardy! Round:

Paul April Larry
$2,600 $3,400 $6,600

Double Jeopardy! Round responses

HEALTH MATTERS
THE DIRECTOR'S CHAIR
ALTERNATIVE HISTORY NOVELS
IN A "B" COUNTRY
2 MILLION
BUCKS
    $400 16
(Alex: Ask me about it.)

Alzheimer's

Larry
    $400 11
(Ron) Howard

Larry
    $400 6
Churchill

Paul
    $400 1
Bhutan

Paul
    $400 21
iPod

Paul
    $400 22
the bucking bronco

Triple Stumper
    $800 17
kidneys

Larry
    $800 12
Penny Marshall

Larry
    $800 7
Rommel

April
    $800 2
Belarus

April
    $800 30
Columbia

Paul
    $800 26
buck up

April
    $1200 18
sleep apnea

Larry
    $1200 13
Nora Ephron

April
    $1200 8
(Philip) Roth

Paul
    $1200 3
Brunei

April
    $1200 29
Algiers

Paul
    $1200 25
Buck Rogers

Larry
    $1600 19
(April: What is the live-virus method?)

the killed-virus method

April
Triple Stumper
    $1600 14
Brian De Palma

Triple Stumper
    $1600 9
the High Castle

Triple Stumper
    $1600 4
(April: What is Brittany?)
(Paul: What is Breton?)

Belgium

PaulApril
Triple Stumper
    $1600 28
(April: What is Berlin?)
(Alex: Be more specific.)
(April: What is East Berlin?)
(Alex: Nope.)
(April: [*]!)

West Berlin

PaulApril
    $1600 23
(Paul: What is buck the establishment?)

buck the system

PaulApril
    $2000 20
aphasia

April
    $2000 15
Terry Gilliam

April
    $2000 10
Fatherland

April
    $3,000 5
Bolivia

April
    $1,000 27
(April: [*]... [Shakes head] I don't know. [*]. [Continues to shake head] What is [*]?)

the Pleistocene

April
    $2000 24
Bucks County

April

Scores at the end of the Double Jeopardy! Round:

Paul April Larry
$5,400 $17,000 $11,400

[wagering suggestions for these scores]

Final Jeopardy! Round responses

PRESIDENTS & THE MOVIES
(Alex: [*] is correct. 1915.)
PaulWho is Wilson?
$5,000
LarryWho is W H Taft?
$6,000
AprilWho is Taft? Wilson
$5,801
Woodrow Wilson

Final scores:

Paul April Larry
$10,400 $22,801 $5,400
2nd place: $5,000 Winner: $22,801 + an advance to UToC Round 2 3rd place: $5,000

Game dynamics:

Coryat scores:

Paul April Larry
$5,400 $16,800 $11,400
12 R,
2 W
22 R
(including 3 DDs),
4 W
16 R,
0 W

Combined Coryat: $33,600

[game clues] [game scores] [suggest correction]

Game tape date: 2005-03-02
The J! Archive is created by fans, for fans. Scraping, republication, monetization, and malicious use prohibited; this site may use cookies and collect identifying information. See terms. The Jeopardy! game show and all elements thereof, including but not limited to copyright and trademark thereto, are the property of Jeopardy Productions, Inc. and are protected under law. This website is not affiliated with, sponsored by, or operated by Jeopardy Productions, Inc. Join the discussion at JBoard.tv.